000
00278nam a2200121Ia 4500
005
20251222143244.0
008
251222s9999||||xx |||||||||||||| ||spa||
082
_a
230/M86
100
_a
Morales, José
245
0
_a
Introduccióna la Teología
264
_b
EUNSA
942
_c
LIB
999
_c
14682
_d
14682